Rekonštrukcia hydroizolačnej vrstvy

Podrobná bibliografia
Hlavný autor: Šmehyl, Rastislav (Autor)
Médium: Článok
Jazyk:slovenčina

MARC

LEADER 00000nab a2200000uu 4500
001 vtls010905682
003 SK-MaSNL
005 20260303142400.0
008 230222|2008 xo |||||||||||||||||slo|
015 |a SNBRB 
035 |a (urnnbn)urn:nbn:sk:snk:ar-a07uxa 
035 |a (uuid)5a5cf1b3-fd12-4715-bd1c-6c52c422f191 
035 |a urn:nbn:sk:snk-ab8w7b 
040 |a SNKBUCL  |b slo  |c SNKBUCL  |e AACR2 
041 0 |a slo 
044 |a xo  |c SK 
100 1 |a Šmehyl, Rastislav  |4 aut  |9 431188 
245 1 0 |a Rekonštrukcia hydroizolačnej vrstvy  |c Rastislav Šmehyl 
773 0 |t Správa budov : magazín o správe bytových a komerčných nehnuteľností, facility managemente, energetickom manažmente, systémoch riadenia a zabezpečovania budov a technickom servise  |g Roč. 2, č. 4 (2008), s. 40-41 
954 |a odborná, vedecká literatúra pôvodná (slovenská)  |2 lita 
958 |a OND 
958 |a EUIPO 
958 |a article10 
999 |c 1982502  |d 1984432